Caricamento...
മനഃശക്തി
| Autore principale: | |
|---|---|
| Natura: | Printed Book |
| Pubblicazione: |
Thiruvananthapuram
Mind Care Books
2015
|
| Soggetti: |
| LEADER | 00565nam a22001697a 4500 | ||
|---|---|---|---|
| 003 | OSt | ||
| 082 | |a 158.1 |b VIJ/MA | ||
| 100 | |a P P Vijayan | ||
| 245 | |a മനഃശക്തി | ||
| 260 | |a Thiruvananthapuram |b Mind Care Books |c 2015 | ||
| 300 | |a 160p. | ||
| 500 | |a Manasakthi | ||
| 546 | |a Malayalam | ||
| 650 | |a Personal improvement | ||
| 942 | |2 ddc |c BK | ||
| 999 | |c 157289 |d 157289 | ||
| 952 | |0 0 |1 0 |2 ddc |4 0 |6 158_100000000000000_VIJMA |7 0 |8 Gen |9 156726 |a KAUCLV |b KAUCLV |c GENERAL |d 2017-07-31 |g 120.00 |l 12 |m 4 |o 158.1 VIJ/MA |p 225974 |q 2021-01-07 |r 2020-12-03 |s 2020-12-03 |w 2017-07-31 |y BK | ||